The special edition of the millennium cookbook, 2002 (Record no. 1066)

MARC details
000 -LEADER
fixed length control field 00656nam a2200193 a 4500
005 - DATE AND TIME OF LATEST TRANSACTION
control field 20260322212045.0
008 - FIXED-LENGTH DATA ELEMENTS--GENERAL INFORMATION
fixed length control field data
040 ## - CATALOGING SOURCE
Original cataloging agency Donation
090 ## - LOCALLY ASSIGNED LC-TYPE CALL NUMBER (OCLC); LOCAL CALL NUMBER (RLIN)
Classification number (OCLC) (R) ; Classification number, CALL (RLIN) (NR) TX715 A47s 2000
001 - CONTROL NUMBER
control field data
110 2# - MAIN ENTRY--CORPORATE NAME
Corporate name or jurisdiction name as entry element Arizona State Hospital. Staff and friends.
245 14 - TITLE STATEMENT
Title The special edition of the millennium cookbook, 2002
Statement of responsibility, etc. Arizona State Hospital. Staff and friends & Arizona State Hospital. Employee Recognition Committee.
260 ## - PUBLICATION, DISTRIBUTION, ETC.
Place of publication, distribution, etc. Kearney, NE
Name of publisher, distributor, etc. Morris Press
Date of publication, distribution, etc. c2001
300 ## - PHYSICAL DESCRIPTION
Extent Spiralbound ;
Dimensions var. pagings
650 #4 - SUBJECT ADDED ENTRY--TOPICAL TERM
Topical term or geographic name entry element Arizona State Hospital.
650 #2 - SUBJECT ADDED ENTRY--TOPICAL TERM
Topical term or geographic name entry element Cookery
650 #2 - SUBJECT ADDED ENTRY--TOPICAL TERM
Topical term or geographic name entry element Cookery
710 2# - ADDED ENTRY--CORPORATE NAME
Corporate name or jurisdiction name as entry element Arizona State Hospital. Employee Recognition Committee.
Holdings
Withdrawn status Lost status Damaged status Not for loan Home library Current library Shelving location Date acquired Total checkouts Full call number Barcode Date last seen Price effective from Koha item type
        Centerville Centerville General stacks 22/03/2026   GEN BC0011100 22/03/2026 22/03/2026 Books